000 00717nam a22002297a 4500
005 20260417113112.0
008 260417b |||||||| |||| 00| 0 eng d
020 _a978-93-5849-517-1
_c380
040 _aMAIN
041 _aasm
082 _a370.954
_bDEK
100 _aDeka, N.
_qDr. Nabanita
245 _aভাৰতীয় শিক্ষাৰ ইতিহাস​ / Bharotiya Shikhyar Itihas
_bHistory of Indian Education
250 _a1st Ed.
260 _aDibrugarh
_bPradyut Hazarika, Banalata
_cJanuary 2025
300 _a496 p. ;
_c14 x 22 cm
505 _aNEP 4th Semester Minor
650 _aEducation
700 _bTamuli, Purnima
700 _bPurbamanjuri Buragohain
942 _2ddc
_cBK
999 _c16352
_d16352